Państwa najbliżej Hawajów - Statystyki

Ogólne statystyki
  • Ten quiz został rozwiązany 116 razy
  • Średni wynik to 13 z 20
Statystyki odpowiedzi
Kilometry Państwo Mile % Poprawnych
4076 Kanada 2532
83%
3829 Meksyk 2379
82%
6597 Australia (Norfolk) 4099
77%
4672 Japonia 2903
74%
3108 Nowa Zelandia (Wyspy Cooka) 1931
74%
1659 Kiribati 1031
72%
4481 Rosja 2784
72%
3427 Wyspy Marshalla 2129
72%
4352 Mikronezja 2705
70%
5266 Vanuatu 3272
67%
3984 Tuvalu 2475
65%
5002 Wyspy Salomona 3108
65%
4542 Fidżi 2822
64%
5640 Papua-Nowa Gwinea 3505
61%
4035 Samoa 2507
60%
4337 Nauru 2695
59%
4411 Tonga 2741
59%
6376 Chiny 3962
55%
3409 Francja (Polinezja Francuska) 2118
54%
5647 Wielka Brytania (Pitcairn) 3509
48%
Nie znaleziono quizów pasujących do podanych kryteriów
Rozkład punktacji
Procent ludzi z każdym wynikiem
Percentyl według liczby udzielonych odpowiedzi
Twoja historia wyników
Nie rozwiązałeś tego quizu